000
00272nam a2200121Ia 4500
100
_a
Tarasov/Lev
942
_c
BK
654
_a
Physics
245
_a
Questions & Problems in School Physics
260
_b
Mir Publishers
_a
Moscow
_c
1973
082
_a
530
546
_a
ENGLISH
999
_c
22152
_d
22152